Ako sa dá dohovoriť na reforme OSN

Bibliographic Details
Main Author: Soros, George, 1930- (Author)
Format: Article
Language:Slovak
ISSN:1335-440X
Subjects:

MARC

LEADER 00000nab a2200000 ar4500
001 vtls008957530
003 SK-MaSNL
005 20260303070955.0
008 070321c2006 xo dr|p|||||||000 b|slo
015 |a SNBRB2007/03  |2 snkbucl 
038 |a SNKBUCL 
040 |a SNKBUCL  |b slo  |c SNKBUCL  |e AACR2 
041 |a slo 
044 |a xo  |c SK 
080 |a 061.1  |x (100)  |2 2001 
080 |a 341.123  |2 2001 
100 1 |a Soros, George,  |d 1930-  |4 aut 
245 1 0 |a Ako sa dá dohovoriť na reforme OSN  |c George Soros 
610 2 7 |a OSN  |x reformy  |2 snkbucl  |9 13910 
773 0 |t Sme. Práca  |g Roč. 15, č. 113 (18.5.2006), s. 35  |x 1335-440X 
852 |a SNK  |b KIS3GCP 
999 |c 1757776  |d 1759706